| 000 | 01084nam a22003257a 4500 | ||
|---|---|---|---|
| 003 | CHAP | ||
| 005 | 20220329133523.0 | ||
| 008 | 971013s1992 r 00010 d | ||
| 010 | _a7354 | ||
| 011 | _a8326 | ||
| 035 | _a7552 | ||
| 040 | _cCHAP | ||
| 082 |
_a633.368 _bS5 1977-1986 |
||
| 100 | 0 | 0 |
_aSimpson, C. E. _9106497 |
| 245 | _aCatalog of passport data and minimum descriptors of Arachis hypogaea L. germplasm collected in South America 1977-1986 | ||
| 260 |
_aCollege Station: _bTexas : _bAgricultural Experiment Station, _c1992 |
||
| 300 | _a247 p. | ||
| 500 | _a63-71 | ||
| 590 |
_aBATCH-UPD _b10 _c20130110 _lUCH01 _h0003 |
||
| 590 |
_aBATCH-UPD _b10 _c20130110 _lUCH01 _h2125 |
||
| 590 |
_aBATCH-UPD _b10 _c20130409 _lUCH01 _h1938 |
||
| 590 |
_aBATCH-UPD _b10 _c20130914 _lUCH01 _h0801 |
||
| 590 |
_aCONVERSION _b10 _c20130109 _lUCH01 _h1305 |
||
| 650 | 1 | 4 |
_aArachis. _96411 |
| 650 | 1 | 4 |
_aCacahuate _xGenética. _916873 |
| 650 | 1 | 4 |
_aCacahuate _xGermoplasma. _916874 |
| 901 | _aBK | ||
| 942 | _cLIBRO | ||
| 949 |
_a633.368 S5 1977-1986 _bBC _cC _d33724002203405 _eC _h83527 _i7552 _si |
||
| 999 |
_c7354 _d7354 |
||